Statistics for Every Quarterback Selected in the 2022 NFL Draft

Click here to take the quiz!

General Stats

  • This quiz has been taken 39 times
  • The average score is 7 of 9

Answer Stats

HintAnswer% Correct
Seventh Round, Pick #262 - Mr. Irrelevant(49ers)Brock Purdy
100%
First Round, Pick #20(Steelers)Kenny Pickett
100%
Third Round, Pick #74(Falcons)Desmond Ridder
97%
Third Round, Pick #86(Titans)Malik Willis
97%
Fourth Round, Pick #137(Patriots)Bailey Zappe
93%
Seventh Round, Pick #247(Dolphins)Skylar Thompson
86%
Fifth Round, Pick #144(Commanders)Sam Howell
79%
Third Round, Pick #94(Panthers)Matt Corral
59%
Seventh Round, Pick #241(Steelers)Chris Oladokun
34%

Score Distribution

Percentile by Number Answered

Percent of People with Each Score

Your Score History

You have not taken this quiz